Angola, Mozambique, and the West /

Bibliographic Details
Corporate Author: Georgetown University. Center for Strategic and International Studies
Other Authors: Kitchen, Helen A.
Format: Book
Language:English
Published: New York : Praeger, 1987.
Series:Washington papers ; 130.
Subjects:

MARC

Tag First Indicator Second Indicator Subfields
LEADER 00000cam a2200000 a 4500
001 in00000009350
005 20151007051528.0
008 870727s1987 nyu 00100 eng
010 |a  87021818  
020 |a 0275928799 (alk. paper) 
020 |a 0275928802 (pbk.) 
035 |a (OCoLC)16472455 
035 |9 AAA3434AM 
040 |a DLC  |c DLC  |d TXA  |d UtOrBLW 
043 |a f-ao---  |a f-mz---  |a n-us--- 
049 |a TXAM  |c [A12636709] 
050 0 0 |a E183.8.A5  |b A54 1987 
082 0 |a 327.73067/3  |2 19 
245 0 0 |a Angola, Mozambique, and the West /  |c Helen Kitchen, editor. 
264 1 |a New York :  |b Praeger,  |c 1987. 
300 |a xii, 154 pages ;  |c 25 cm. 
336 |a text  |b txt  |2 rdacontent 
337 |a unmediated  |b n  |2 rdamedia 
338 |a volume  |b nc  |2 rdacarrier 
490 1 |a The Washington papers,  |x 0278-937X ;  |v 130 
500 |a "Published with the Center for Strategic and International Studies, Washington, D.C." 
500 |a Includes index. 
651 0 |a United States  |x Foreign relations  |z Angola. 
651 0 |a United States  |x Foreign relations  |z Mozambique. 
651 0 |a Angola  |x Foreign relations  |z United States. 
651 0 |a Mozambique  |x Foreign relations  |z United States. 
700 1 |a Kitchen, Helen A. 
710 2 |a Georgetown University.  |b Center for Strategic and International Studies. 
830 0 |a Washington papers ;  |v 130. 
999 |a MARS 
999 f f |s b1d13807-a7c9-30e8-acff-8650e4717425  |i e997bd9e-f5e0-3345-bd4e-cbb3a024e30a  |t 0 
952 f f |p ric  |a Texas A&M University  |b Rellis Campus  |c Joint Library Facility  |d Remote Storage  |t 0  |e E183.8.A5 A54 1987  |h Library of Congress classification  |i unmediated -- volume  |m A14812636709 
998 f f |a E183.8.A5 A54 1987  |t 0  |l Remote Storage